[Event "Michigan Open"]
[Site "Lansing, MI"]
[Date "2001.09.02"]
[Round "4.6"]
[White "Dodaj, Gjergj"]
[Black "Gregg, Alan"]
[Result "1/2-1/2"]
[WhiteElo "1926"]
[BlackElo "2162"]
[PlyCount "124"]
[EventDate "2001.08.31"]

1. e4 e5 2. Nf3 Nc6 3. Bb5 a6 4. Ba4 Nf6 5. d3 d6 6. Nbd2 Be7 7. Nf1 b5 8. Bb3
Na5 9. Ne3 Nxb3 10. axb3 Bd7 11. Bd2 O-O 12. O-O c5 13. Qe2 Qc8 14. Ra2 h6 15.
Rfa1 Be6 16. c4 b4 17. Ne1 Re8 18. N1c2 Bd8 19. Nd5 Nxd5 20. cxd5 Bd7 21. Ne3
Bb5 22. Nc4 Qd7 23. Qf3 Rb8 24. Qg3 Kh7 25. f4 f6 26. f5 Bxc4 27. dxc4 a5 28.
Rf1 Qf7 29. Qh3 Rh8 30. Rf3 Kg8 31. Rg3 Kf8 32. Rg6 Rb7 33. Ra1 Re7 34. g4 Qg8
35. Qh5 Rf7 36. Rf1 Ke7 37. Rf3 Qf8 38. Rh3 Rg8 39. Rg3 Rh8 40. Qh3 Ke8 41. Qg2
Kd7 42. h4 Kc8 43. g5 hxg5 44. hxg5 Qe8 45. gxf6 gxf6 46. Rg8 Rf8 47. Rxf8 Rxf8
48. Rg7 Qh5 49. Qg4 Rh8 50. Qxh5 Rxh5 51. Kg2 Rh4 52. Kf3 Rh1 53. Rg2 Rh3+ 54.
Rg3 Rh1 55. Be3 Kd7 56. Bg1 Be7 57. Kg2 Rh4 58. Kf3 Ke8 59. Bf2 Rh1 60. Rg1
Rh3+ 61. Bg3 Kf7 62. Kg2 Rh8 1/2-1/2

[Event "Michigan Open"]
[Site "Lansing, MI"]
[Date "2001.09.02"]
[Round "4.44"]
[White "Decker, Dale"]
[Black "Mankiewicz, Ryan"]
[Result "0-1"]
[WhiteElo "1852"]
[BlackElo "2095"]
[PlyCount "67"]
[EventDate "2001.08.31"]

1. e4 d6 2. Bc4 Nf6 3. Nc3 g6 4. Nf3 c6 5. O-O b5 6. Be2 b4 7. Na4 Nxe4 8. d3
Nf6 9. c3 bxc3 10. bxc3 Bg7 11. Rb1 O-O 12. d4 Nbd7 13. Nb2 c5 14. Nd3 Qa5 15.
Be3 Nd5 16. Bd2 Nxc3 17. Bxc3 Qxc3 18. Rb3 Qa5 19. dxc5 dxc5 20. Nf4 Qxa2 21.
Nd5 Nb6 22. Nxe7+ Kh8 23. Rd3 Be6 24. Ng5 Bf6 25. Rd2 Qb3 26. Nxe6 Qxe6 27. Nd5
Nxd5 28. Rxd5 Bd4 29. Bf3 Rae8 30. Rxd4 cxd4 31. Qxd4+ Qe5 32. Qxa7 Re7 33. Qa3
Rc8 34. h3 0-1

[Event "Michigan Open"]
[Site "Lansing, MI"]
[Date "2001.09.02"]
[Round "2.44"]
[White "Decker, Dale"]
[Black "Baze, Lineas"]
[Result "1-0"]
[WhiteElo "1852"]
[BlackElo "2000"]
[PlyCount "37"]
[EventDate "2001.08.31"]

1. e4 c5 2. c3 d5 3. exd5 Qxd5 4. d4 e6 5. Nf3 Nf6 6. Be3 cxd4 7. cxd4 Be7 8.
Nc3 Qa5 9. Bd3 O-O 10. h3 Nc6 11. O-O Nb4 12. Bb1 Nbd5 13. Bd2 Qd8 14. a3 Bd7
15. Ne5 Rc8 16. Nxd5 Nxd5 17. Nxd7 Qxd7 18. Qf3 Rc4 19. Qd3 1-0

[Event "Michigan Open"]
[Site "Lansing, MI"]
[Date "2001.09.02"]
[Round "7.4"]
[White "Davidovich, Manis"]
[Black "Viswanathan, Kartik"]
[Result "1/2-1/2"]
[WhiteElo "2007"]
[BlackElo "2148"]
[PlyCount "87"]
[EventDate "2002.08.30"]

1. e4 c5 2. Nf3 d6 3. d4 cxd4 4. Nxd4 Nf6 5. Nc3 g6 6. Be3 Bg7 7. f3 Nc6 8. Qd2
O-O 9. Bc4 Bd7 10. O-O-O Rc8 11. Bb3 Ne5 12. h4 h5 13. Bg5 Rc5 14. g4 hxg4 15.
f4 Nc4 16. Qe2 Qc8 17. f5 Nxb2 18. Kxb2 Rxc3 19. fxg6 Rxb3+ 20. axb3 fxg6 21.
Qd3 Qc5 22. Kb1 Rc8 23. Ne2 Qe5 24. Bxf6 Bxf6 25. Nd4 Be6 26. Qd2 Qxd4 27. Qxd4
Bxd4 28. Rxd4 Rc3 29. Kb2 Rh3 30. Rdd1 Kh7 31. c4 Kh6 32. Rhe1 g3 33. e5 dxe5
34. Rxe5 Rh2+ 35. Kc3 Bg4 36. Rg1 g2 37. Rxe7 Bf3 38. Kd3 Rxh4 39. Ke3 Bc6 40.
Kf2 a5 41. Re5 Rh3 42. Rb1 Rh1 43. Rg1 Rh3 44. Rb1 1/2-1/2

[Event "Michigan Open"]
[Site "Lansing, MI"]
[Date "2001.09.02"]
[Round "5.11"]
[White "Czuhai, Kevin"]
[Black "Kriseler, Mark"]
[Result "0-1"]
[WhiteElo "2203"]
[BlackElo "1954"]
[PlyCount "70"]
[EventDate "2001.08.31"]

1. e4 e5 2. f4 exf4 3. Nf3 d5 4. exd5 Qxd5 5. Nc3 Qa5 6. Bc4 Bg4 7. d4 Nc6 8.
Bxf4 O-O-O 9. d5 Qb4 10. Qd3 Na5 11. Ne5 Re8 12. O-O Rxe5 13. Bxe5 Nxc4 14. Bg3
Nxb2 15. Qd2 Nf6 16. Rf4 Qa5 17. h3 Bb4 18. Rxb4 Qxb4 19. hxg4 Nxg4 20. Rf1 f6
21. Rf4 Qc5+ 22. Kh1 h5 23. Re4 Nc4 24. Qe2 Nce5 25. Nb5 h4 26. Be1 h3 27. Rxg4
Nxg4 28. Qxg4+ Kb8 29. c4 hxg2+ 30. Kxg2 a6 31. Nxc7 Rc8 32. Ne6 Qxc4 33. Bg3+
Ka8 34. Qxg7 Qxd5+ 35. Kh2 Qxe6 0-1

[Event "Michigan Open"]
[Site "Lansing, MI"]
[Date "2001.09.02"]
[Round "3.42"]
[White "Czuhai, Kevin"]
[Black "Hahn, David"]
[Result "1-0"]
[WhiteElo "2203"]
[BlackElo "2162"]
[PlyCount "47"]
[EventDate "2001.08.31"]

1. e4 d6 2. d4 Nf6 3. Nc3 g6 4. h3 Bg7 5. Be3 c5 6. Nf3 cxd4 7. Nxd4 Nc6 8. Bc4
O-O 9. Bb3 Bd7 10. O-O Qa5 11. Qd2 Rad8 12. Rae1 b6 13. f4 Nxd4 14. Bxd4 Bc6
15. Qf2 e6 16. Qh4 Nd7 17. Bxg7 Kxg7 18. f5 Qe5 19. Re2 Nf6 20. g4 Qd4+ 21.
Rff2 exf5 22. gxf5 Rde8 23. fxg6 hxg6 24. e5 1-0

[Event "Michigan Open"]
[Site "Lansing, MI"]
[Date "2001.09.02"]
[Round "1.42"]
[White "Czuhai, Kevin"]
[Black "Davidovich, Manis"]
[Result "1-0"]
[WhiteElo "2203"]
[BlackElo "1957"]
[PlyCount "64"]
[EventDate "2001.08.31"]

1. e4 c5 2. Nf3 Nc6 3. Bb5 g6 4. Bxc6 dxc6 5. O-O Bg7 6. h3 Nf6 7. d3 O-O 8.
Nc3 Qc7 9. Be3 b6 10. Qd2 e5 11. Bh6 Nh5 12. Rae1 Bd7 13. Ne2 f5 14. exf5 Rxf5
15. Bxg7 Kxg7 16. Nh2 Rf7 17. Ng4 Raf8 18. Qc3 Bxg4 19. hxg4 Nf6 20. Ng3 Re7
21. Qd2 Nxg4 22. Qg5 Nh6 23. Nh5+ Kg8 24. Qxh6 gxh5 25. Re3 Rf5 26. Rfe1 Ref7
27. Rg3+ Kh8 28. Qe6 Qe7 29. Qc8+ Qf8 30. Qxc6 Rxf2 31. Rxe5 h6 32. Rge3 Qg7
1-0

[Event "Michigan Open Reserve"]
[Site "Lansing, MI"]
[Date "2001.09.02"]
[Round "4.41"]
[White "Croel, Duane"]
[Black "Laurin, Edward"]
[Result "1-0"]
[WhiteElo "1650"]
[BlackElo "1551"]
[PlyCount "115"]
[EventDate "2001.08.31"]

1. d4 Nf6 2. c4 e6 3. Nc3 Bb4 4. Bg5 h6 5. Bh4 g5 6. Bg3 Ne4 7. Qc2 Bxc3+ 8.
bxc3 Nxg3 9. hxg3 Nc6 10. e4 d6 11. f4 Qf6 12. e5 dxe5 13. fxe5 Qg7 14. O-O-O
f6 15. exf6 Qxf6 16. Bd3 Ne7 17. Nf3 Bd7 18. Ne5 O-O-O 19. Rhf1 Nf5 20. g4 Ne3
21. Rxf6 Nxc2 22. Bxc2 Rdf8 23. Rdf1 Rxf6 24. Rxf6 c6 25. Rf7 Be8 26. Rf6 Bd7
27. Nxd7 Kxd7 28. Rf7+ Kd6 29. c5+ Kd5 30. Bd3 e5 31. Rd7+ Ke6 32. Bf5+ Kf6 33.
Rxb7 exd4 34. cxd4 h5 35. Rxa7 hxg4 36. Bxg4 Rh4 37. Bf3 Rxd4 38. Ra6 g4 39.
Rxc6+ Ke5 40. Be2 Rf4 41. Rg6 Rf2 42. Kd2 Rxg2 43. Rxg4 Rxg4 44. Bxg4 Kd5 45.
c6 Kxc6 46. Kc3 Kb5 47. Kb3 Ka5 48. Be2 Kb6 49. Kb4 Ka7 50. a4 Kb6 51. a5+ Ka7
52. Kc5 Kb7 53. Kd6 Ka7 54. Kc7 Ka8 55. Kb6 Kb8 56. a6 Ka8 57. Bf3+ Kb8 58. a7+
1-0

[Event "Michigan Open Reserve"]
[Site "Lansing, MI"]
[Date "2001.09.02"]
[Round "2.41"]
[White "Croel, Duane"]
[Black "Foord, Allan"]
[Result "1-0"]
[WhiteElo "1650"]
[BlackElo "1500"]
[PlyCount "85"]
[EventDate "2001.08.31"]

1. d4 Nf6 2. c4 g6 3. Nc3 d5 4. cxd5 Nxd5 5. e4 Nxc3 6. bxc3 Bg7 7. Bb5+ Bd7 8.
Qb3 Bxb5 9. Qxb5+ Nd7 10. Qxb7 c5 11. Ne2 Qc8 12. Qxc8+ Rxc8 13. Rb1 cxd4 14.
cxd4 O-O 15. Ba3 Rb8 16. O-O Rfe8 17. e5 e6 18. Bd6 Rxb1 19. Rxb1 Bf8 20. Bxf8
Kxf8 21. Rb7 Rb8 22. Rxb8+ Nxb8 23. Nc3 Nc6 24. Nb5 Ke7 25. Nc7 a5 26. d5 exd5
27. Nxd5+ Kd7 28. f4 h5 29. Kf2 Nb4 30. Nc3 Ke6 31. Kf3 Kf5 32. h3 Ke6 33. g4
hxg4+ 34. hxg4 f6 35. exf6 Kxf6 36. Ke4 Ke6 37. a3 Nc2 38. Nb5 Ne1 39. Nd4+ Kf6
40. a4 Ng2 41. Nc6 Nh4 42. Nxa5 Ke6 43. Nc4 1-0

[Event "Michigan Open Booster"]
[Site "Lansing, MI"]
[Date "2001.09.02"]
[Round "4.8"]
[White "Crist, Kevin"]
[Black "Fick II, Douglas"]
[Result "0-1"]
[WhiteElo "1135"]
[BlackElo "1065"]
[PlyCount "136"]
[EventDate "2001.08.31"]

1. d4 Nf6 2. Nc3 g6 3. Nf3 Bg7 4. Bg5 O-O 5. e3 d6 6. Be2 Nbd7 7. O-O e5 8.
dxe5 dxe5 9. Qd3 Qe8 10. e4 Nc5 11. Qe3 Ne6 12. Bh6 Ng4 13. Qd3 Nxh6 14. Nd5
Bd7 15. Qb3 Rb8 16. Qa3 a6 17. Rad1 c5 18. Nb6 Bc6 19. c3 Rd8 20. Nd2 f5 21.
exf5 gxf5 22. Bc4 Bxg2 23. Kxg2 Qc6+ 24. Nd5 Rxd5 25. Bxd5 Qxd5+ 26. Nf3 Qe4
27. Qb3 Qg4+ 28. Kh1 Qxf3+ 29. Kg1 Qc6 30. f3 Kh8 31. Qd5 Qxd5 32. Rxd5 Rd8 33.
Rxd8+ Nxd8 34. f4 exf4 35. Rxf4 b5 36. a4 Ne6 37. Rh4 Kg8 38. axb5 axb5 39. Rh3
c4 40. Re3 Kf7 41. Re1 b4 42. Re3 bxc3 43. bxc3 Nd4 44. Rh3 Nb5 45. Rh4 Ng4 46.
h3 Nh6 47. Rxc4 Nxc3 48. Rc7+ Kg6 49. Kg2 Nd5 50. Rd7 Nf6 51. Rb7 Nf7 52. Kg3
Ne4+ 53. Kf3 Be5 54. Rb6+ Kh5 55. Rb7 Nfg5+ 56. Kg2 f4 57. Rb5 f3+ 58. Kf1 Bg3
59. Rb2 Bh4 60. Rh2 f2 61. Rxf2 Nxf2 62. Kg2 Nfxh3 63. Kf1 Ne6 64. Ke2 Kg4 65.
Ke3 Bf2+ 66. Ke4 Ng1 67. Ke5 h5 68. Kxe6 h4 0-1

[Event "Michigan Open Reserve"]
[Site "Lansing, MI"]
[Date "2001.09.02"]
[Round "5.13"]
[White "Cox, Nick"]
[Black "Moore, Robert"]
[Result "1-0"]
[WhiteElo "1393"]
[BlackElo "1600"]
[PlyCount "97"]
[EventDate "2001.08.31"]

1. e4 c5 2. Nf3 d6 3. d4 cxd4 4. Nxd4 Nf6 5. Nc3 a6 6. Be3 e5 7. Nf3 Be6 8. Qd2
Be7 9. Be2 O-O 10. O-O Nc6 11. Rad1 Rc8 12. Ng5 Qc7 13. Nxe6 fxe6 14. Rfe1 b5
15. a3 Na5 16. Bd3 Nc4 17. Bxc4 Qxc4 18. f3 Rfd8 19. Bg5 d5 20. exd5 exd5 21.
Rxe5 Bd6 22. Ree1 d4 23. Ne4 Nxe4 24. Rxe4 Re8 25. Rxe8+ Rxe8 26. Qd3 Qd5 27.
Qb3 Qxb3 28. cxb3 Re2 29. Rd2 Re1+ 30. Kf2 Rb1 31. h3 Bc5 32. Ke2 Rg1 33. Kd3
Re1 34. Rc2 Re5 35. Bf4 Rf5 36. Ke4 d3 37. Kxf5 dxc2 38. Ke4 Bd6 39. Bc1 Kf7
40. Kd3 Ke6 41. Kxc2 Kf5 42. Kd3 g5 43. g4+ Kf6 44. Ke4 h6 45. f4 b4 46. fxg5+
hxg5 47. Kd5 bxa3 48. bxa3 Be5 49. Bxg5+ {[Rated at 2. Black looks like the
better player, but has an attack of blindness that costs him a pawn. White
gets credit for avoiding the rraps and finishing nicely, but does miss 22.Bxf6.
]} 1-0

[Event "Michigan Open Booster"]
[Site "Lansing, MI"]
[Date "2001.09.02"]
[Round "4.2"]
[White "Cowans, Winston"]
[Black "Smeckert, Dennis"]
[Result "1/2-1/2"]
[WhiteElo "1216"]
[BlackElo "1284"]
[PlyCount "96"]
[EventDate "2001.08.31"]

1. Nf3 d5 2. d3 Nf6 3. g3 e6 4. Bg2 Be7 5. O-O O-O 6. Nbd2 Nbd7 7. Re1 c6 8. e4
dxe4 9. dxe4 Nb6 10. e5 Nfd7 11. Ne4 Qc7 12. Qd3 Nxe5 13. Nxe5 Qxe5 14. Bf4
Qxb2 15. Reb1 Qa3 16. Nc3 Rd8 17. Qf3 Bf6 18. Rb3 Qe7 19. Rd1 Rxd1+ 20. Qxd1 e5
21. Bc1 Be6 22. Rb1 Rd8 23. Qe2 Bc4 24. Qe1 Nd5 25. Ne4 b6 26. Ra1 g6 27. h4
Bg7 28. a4 h6 29. Ba3 Qe6 30. Rd1 f5 31. Bh3 g5 32. hxg5 hxg5 33. Nxg5 Qh6 34.
Bc1 Bf6 35. Ne6 Qxh3 36. Nxd8 f4 37. Qe4 Bxd8 38. Qxe5 Bf6 39. Qe8+ Kg7 40.
Bxf4 Qf5 41. Bd6 Qg6 42. Bf8+ Kh7 43. Qxc6 Qxc2 44. Re1 Nb4 45. Qc7+ Kg6 46.
Re6 Qd1+ 47. Kh2 Qh5+ 48. Kg1 Qd1+ 1/2-1/2

[Event "Michigan Open"]
[Site "Lansing, MI"]
[Date "2001.09.02"]
[Round "4.10"]
[White "Cottrell-Finegold, Kelly"]
[Black "Aldrich, Jeff"]
[Result "0-1"]
[WhiteElo "1076"]
[BlackElo "1900"]
[PlyCount "42"]
[EventDate "2001.08.31"]

1. d4 d5 2. c4 c6 3. e3 Nf6 4. Nc3 e6 5. Nf3 Nbd7 6. Bd3 Be7 7. O-O dxc4 8.
Bxc4 b5 9. Bd3 a6 10. a3 c5 11. Ne4 Bb7 12. Nxf6+ Nxf6 13. Be2 O-O 14. dxc5
Bxc5 15. Bd2 Ne4 16. Re1 Qf6 17. Qc2 Rac8 18. Qb1 Rfd8 19. Rd1 Rxd2 20. Nxd2
Qxf2+ 21. Kh1 Ng3+ 0-1

[Event "Michigan Open"]
[Site "Lansing, MI"]
[Date "2001.09.02"]
[Round "5.13"]
[White "Ciaffone, Bob"]
[Black "Hamood, Al"]
[Result "0-1"]
[WhiteElo "2111"]
[BlackElo "1872"]
[PlyCount "74"]
[EventDate "2001.08.31"]

1. Nf3 c5 2. c4 Nf6 3. Nc3 g6 4. d4 cxd4 5. Nxd4 Nc6 6. e4 Bg7 7. Be3 O-O 8.
Be2 Nxd4 9. Bxd4 d6 10. O-O a6 11. Qd3 Bd7 12. Qe3 Ng4 13. Bxg4 Bxd4 14. Qxd4
Bxg4 15. f4 e5 16. Qe3 exf4 17. Qxf4 Be6 18. b3 b5 19. cxb5 axb5 20. Rad1 Qa5
21. Rf3 b4 22. Na4 Bd7 23. Rd5 Qa7+ 24. Kh1 Bxa4 25. bxa4 Qxa4 26. h4 Qxa2 27.
h5 Qa1+ 28. Kh2 Ra5 29. hxg6 hxg6 30. Qxd6 Rxd5 31. Qxd5 Kg7 32. Kg3 Qa7 33. e5
Qe7 34. Kf2 Rc8 35. Qe4 Rc3 36. Ke2 Qg5 37. e6 Qxg2+ 0-1

[Event "Michigan Open"]
[Site "Lansing, MI"]
[Date "2001.09.02"]
[Round "5.10"]
[White "Chobanyan, Sergei"]
[Black "Baze, Lineas"]
[Result "1-0"]
[WhiteElo "2286"]
[BlackElo "2000"]
[Annotator "Don Vandivier"]
[PlyCount "72"]
[EventDate "2001.08.31"]

1. e4 c5 2. Nc3 Nc6 3. g3 g6 4. Bg2 Bg7 5. f4 d6 6. Nf3 e5 7. d3 Nge7 8. Be3
O-O 9. O-O Nd4 10. Rb1 a5 11. Ne2 b5 12. c3 Nxe2+ 13. Qxe2 Qc7 14. d4 Ba6 15.
Rfd1 b4 16. Qf2 {DIAGRAM} bxc3 $6 {This series of exchanges opens lines for
White's pieces and Black has trouble holding the position because White
controls the dark squares on the Q-side.} (16... exf4 17. Bxf4 (17. gxf4 c4)
17... c4 18. e5 d5 19. Qe2 Qb6 {is more solid.}) 17. bxc3 cxd4 18. cxd4 exd4
19. Nxd4 Rac8 {19...Rab8 may be better} 20. Nb5 Qc2 ({Other lines also drop a
pawn.} 20... Bxb5 21. Rxb5 a4 22. Rb6 Rfd8 23. Ra6 Qd7 24. e5 d5 25. Bc5) 21.
Nxd6 Qxf2+ 22. Bxf2 Rc2 23. a3 Bb2 24. a4 Be2 25. Re1 Nc6 26. e5 Nb4 27. Be4
Bd3 28. Rbd1 Bxe4 29. Rxe4 Na2 30. Rc4 Nc3 31. Rd3 Rd8 32. Kg2 h6 33. Kf3 {
White has a stranglehold on all of Black's pieces.} g5 34. Be1 g4+ 35. Kxg4
Rxh2 36. Bxc3 Rb8 1-0

[Event "Michigan Open Reserve"]
[Site "Lansing, MI"]
[Date "2001.09.02"]
[Round "4.13"]
[White "Choate, Eric"]
[Black "Cox, Nick"]
[Result "1/2-1/2"]
[WhiteElo "1370"]
[BlackElo "1393"]
[PlyCount "157"]
[EventDate "2001.08.31"]

1. e4 c5 2. Nf3 d6 3. Bb5+ Bd7 4. Bxd7+ Qxd7 5. h3 Nf6 6. d3 g6 7. O-O Nc6 8.
Re1 Bg7 9. c3 O-O 10. Nbd2 Rfd8 11. Qb3 Rac8 12. Nc4 d5 13. Nce5 Nxe5 14. Nxe5
Qd6 15. exd5 Qxd5 16. Bf4 Nh5 17. Bh2 Qxb3 18. axb3 a6 19. Nc4 b5 20. Ne5 Ra8
21. Nc6 Rxd3 22. Rxe7 Rd2 23. Rae1 Nf6 24. R7e2 Rxe2 25. Rxe2 Re8 26. Rxe8+
Nxe8 27. Nb8 a5 28. Nc6 b4 29. Be5 Bxe5 30. Nxe5 Nd6 31. Nd7 Nb7 32. Kf1 f5 33.
Ke2 Kf7 34. Kd3 Ke7 35. Ne5 Ke6 36. f4 Kd5 37. c4+ Kd6 38. g4 Ke6 39. Ke3 Kf6
40. Nd7+ Ke6 41. Nf8+ Kf7 42. Nxh7 Kg7 43. Ng5 Kf6 44. Nf3 Nd6 45. Kd3 Ke6 46.
Ne5 g5 47. Ke3 fxg4 48. hxg4 gxf4+ 49. Kxf4 Nb7 50. g5 Ke7 51. Nc6+ Ke6 52. g6
Kf6 53. Ne5 Nd8 54. Ke4 Ne6 55. Kd5 Nf4+ 56. Kxc5 Kxe5 57. g7 Ne6+ 58. Kb5 Nxg7
59. Kxa5 Kd6 60. Kxb4 Kc6 61. Kc3 Ne6 62. b4 Kb6 63. b3 Kc6 64. b5+ Kc5 65. b4+
Kb6 66. Kd3 Nc7 67. Kd4 Nxb5+ 68. cxb5 Kxb5 69. Kc3 Kb6 70. Kc4 Kc6 71. b5+ Kb6
72. Kb4 Kb7 73. Kc5 Kc7 74. b6+ Kb7 75. Kb5 Kb8 76. Ka6 Ka8 77. Kb5 Kb7 78. Ka5
Kb8 79. Ka6 1/2-1/2

[Event "Michigan Open"]
[Site "Lansing, MI"]
[Date "2001.09.02"]
[Round "1.46"]
[White "Chehayeb, Sal"]
[Black "Zubatch, Steve"]
[Result "1-0"]
[WhiteElo "1976"]
[BlackElo "1832"]
[PlyCount "49"]
[EventDate "2001.08.31"]

1. e4 g6 2. d4 Bg7 3. f4 d6 4. Nf3 Nf6 5. Bd3 O-O 6. O-O Re8 7. Kh1 Nfd7 8. c3
e5 9. Be3 Nc6 10. Nbd2 h6 11. Qe1 exd4 12. cxd4 Nb4 13. Bb1 c5 14. a3 cxd4 15.
Nxd4 Nc6 16. N2f3 Nf6 17. Bg1 Nxe4 18. Nxc6 bxc6 19. Bxe4 d5 20. Ne5 Bxe5 21.
fxe5 Rxe5 22. Qf2 Rxe4 23. Qxf7+ Kh8 24. Qxg6 Ba6 25. Rf7 1-0

[Event "Michigan Open"]
[Site "Lansing, MI"]
[Date "2001.09.02"]
[Round "3.43"]
[White "Chehayeb, Sal"]
[Black "Hankinson, Chris"]
[Result "1-0"]
[WhiteElo "1976"]
[BlackElo "2072"]
[PlyCount "69"]
[EventDate "2001.08.31"]

1. e4 d6 2. d4 Nf6 3. Bd3 g6 4. f4 Bg7 5. Nf3 c5 6. c3 O-O 7. O-O Bg4 8. Be3
Nbd7 9. h3 Bxf3 10. Qxf3 Rb8 11. Nd2 b5 12. Rad1 b4 13. e5 Ne8 14. h4 bxc3 15.
bxc3 dxe5 16. fxe5 Nxe5 17. dxe5 Qxd3 18. Bxc5 Qxf3 19. Nxf3 Nc7 20. Bxe7 Rfe8
21. Rd7 Nd5 22. Bd6 Rb2 23. Rf2 Rb1+ 24. Kh2 Nxc3 25. Ng5 Re1 26. Rfxf7 Bxe5+
27. Bxe5 R1xe5 28. Rg7+ Kh8 29. Rxh7+ Kg8 30. Rhg7+ Kh8 31. Rh7+ Kg8 32. Rdg7+
Kf8 33. Rxg6 Rf5 34. Rh8+ Ke7 35. Re6+ 1-0

[Event "Michigan Open"]
[Site "Lansing, MI"]
[Date "2001.09.02"]
[Round "4.41"]
[White "Chehayeb, Sal"]
[Black "Gabbara, Faris"]
[Result "1-0"]
[WhiteElo "1976"]
[BlackElo "2053"]
[PlyCount "59"]
[EventDate "2001.08.31"]

1. e4 e5 2. Nf3 Nf6 3. Nc3 Bb4 4. d3 Nc6 5. Bd2 Bxc3 6. Bxc3 d6 7. Be2 O-O 8.
O-O Bg4 9. h3 Bh5 10. Nh2 Bxe2 11. Qxe2 Re8 12. f4 exf4 13. Rxf4 Nd5 14. Qg4
Nxc3 15. bxc3 Ne5 16. Qg3 Ng6 17. Rf5 Re5 18. Raf1 Rxf5 19. Rxf5 Qd7 20. Ng4
Re8 21. h4 Kh8 22. h5 Nf8 23. Qf2 Re7 24. h6 Ne6 25. hxg7+ Nxg7 26. Nf6 Qe6 27.
Qh4 h5 28. Rxh5+ Nxh5 29. Qxh5+ Kg7 30. Qg5+ 1-0

[Event "Michigan Open Reserve"]
[Site "Lansing, MI"]
[Date "2001.09.02"]
[Round "4.5"]
[White "Cepeda, Diego"]
[Black "Neshewat, Michael"]
[Result "1-0"]
[WhiteElo "1532"]
[BlackElo "1713"]
[PlyCount "67"]
[EventDate "2001.08.31"]

1. d4 d5 2. Nf3 Nf6 3. Bf4 Bg4 4. Nbd2 e6 5. e3 c5 6. c3 Be7 7. Qb3 Qb6 8. Qxb6
axb6 9. Bb5+ Nc6 10. Ne5 Rc8 11. Nxc6 bxc6 12. Ba6 Kd7 13. Bxc8+ Rxc8 14. f3
Bh5 15. h4 c4 16. g4 Bg6 17. h5 Bd3 18. Kf2 Ne8 19. e4 Nd6 20. e5 Nb7 21. b4 c5
22. a3 cxd4 23. cxd4 h6 24. Bg3 Kc6 25. Ke3 Kb5 26. Nb1 Ka4 27. Nd2 Bh7 28.
Rhc1 Nd8 29. Nb1 Kb3 30. Nc3 Ra8 31. Nb5 Kb2 32. Be1 Nb7 33. a4 Nd8 34. Bc3+
1-0

[Event "Michigan Open Reserve"]
[Site "Lansing, MI"]
[Date "2001.09.02"]
[Round "5.21"]
[White "Carr, Jay"]
[Black "Wright, Eric"]
[Result "1-0"]
[WhiteElo "1600"]
[BlackElo "1448"]
[PlyCount "67"]
[EventDate "2001.08.31"]

1. c4 Nf6 2. Nc3 c6 3. d4 d6 4. e4 e5 5. d5 Be7 6. Nf3 O-O 7. Be2 Na6 8. O-O
Bd7 9. h3 Qc8 10. Bg5 h6 11. Bh4 Kh8 12. a3 Ng8 13. Bg3 f5 14. exf5 Bxf5 15.
Nh4 Bxh4 16. Bxh4 Nc5 17. Bg3 Nf6 18. f3 Bxh3 19. gxh3 Qxh3 20. Qe1 Nh5 21. Bh2
Nf4 22. Bxf4 Rxf4 23. Rf2 Rh4 24. Rg2 Rf8 25. Qg3 Qh1+ 26. Kf2 Qxg2+ 27. Kxg2
Rhf4 28. b4 Nb3 29. Rh1 Nd2 30. Rh4 R4f7 31. Ne4 Nxf3 32. Bxf3 Rxf3 33. Qxf3
Rxf3 34. Kxf3 {[Rated at 2. 18...Bxh3 is interesting; if Black had followed up
with 21...Rf6, then playing for ...Nb3-Nd4, it might have been worth looking
at further. But he trades too many pieces, and then blunders with one check
too many.]} 1-0

[Event "Michigan Open"]
[Site "Lansing, MI"]
[Date "2001.09.02"]
[Round "4.5"]
[White "Calton, Bill"]
[Black "Szczypka, Tom"]
[Result "1-0"]
[WhiteElo "2230"]
[BlackElo "1977"]
[PlyCount "97"]
[EventDate "2001.08.31"]

1. Nf3 c5 2. b3 g6 3. Bb2 Nf6 4. Bxf6 exf6 5. c4 f5 6. Nc3 Bg7 7. Rc1 d6 8. e3
Be6 9. d4 O-O 10. Be2 Na6 11. O-O Nc7 12. Ne1 a6 13. dxc5 dxc5 14. Qxd8 Rfxd8
15. Na4 Rd2 16. Bf3 Bf8 17. Rc2 Rxc2 18. Nxc2 Rb8 19. Nb6 Ne8 20. Rd1 Nd6 21.
Kf1 Be7 22. Bd5 Rd8 23. f3 Nc8 24. Nxc8 Bxc8 25. Ke2 b5 26. Ne1 b4 27. a3 a5
28. axb4 axb4 29. Ra1 Be6 30. Bxe6 fxe6 31. Ra7 Kf7 32. Nd3 Rc8 33. Ne5+ Ke8
34. f4 Kf8 35. Ra6 Bf6 36. Rxe6 Kg7 37. Nd7 Bc3 38. Ra6 Rc7 39. Nb6 Re7 40. Nd5
Rd7 41. Ra5 Kh6 42. Rxc5 Ra7 43. Nxc3 bxc3 44. Kd3 Ra2 45. Kxc3 Rxg2 46. b4
Rxh2 47. b5 Re2 48. Re5 Re1 49. b6 1-0

[Event "Michigan Open"]
[Site "Lansing, MI"]
[Date "2001.09.02"]
[Round "3.46"]
[White "Baze, Lineas"]
[Black "Zubatch, Steve"]
[Result "1-0"]
[WhiteElo "2000"]
[BlackElo "1832"]
[PlyCount "53"]
[EventDate "2001.08.31"]

1. e4 g6 2. d4 Bg7 3. f4 d6 4. Nf3 Nf6 5. Bd3 O-O 6. e5 dxe5 7. fxe5 Nfd7 8. c3
c5 9. Be3 cxd4 10. cxd4 Nc6 11. Nc3 Nb6 12. O-O Nd5 13. Nxd5 Qxd5 14. Qe2 b6
15. Bc4 Qd7 16. Rad1 Bb7 17. e6 fxe6 18. Ng5 Rxf1+ 19. Qxf1 Nd8 20. Qe2 Bd5 21.
Bd3 Nf7 22. Nxf7 Kxf7 23. Bb5 Qb7 24. Qg4 Kg8 25. h4 h5 26. Qxg6 Rc8 27. Bh6
1-0

[Event "Michigan Open"]
[Site "Lansing, MI"]
[Date "2001.09.02"]
[Round "4.46"]
[White "Baze, Lineas"]
[Black "Jones, Gary"]
[Result "1-0"]
[WhiteElo "2000"]
[BlackElo "1774"]
[PlyCount "63"]
[EventDate "2001.08.31"]

1. e4 d5 2. exd5 Nf6 3. d4 Nxd5 4. c4 Nb6 5. Nf3 Bg4 6. h3 Bh5 7. g4 Bg6 8. Ne5
Bxb1 9. Rxb1 N8d7 10. Bf4 Nxe5 11. Bxe5 e6 12. a3 f6 13. Bf4 Bd6 14. Be3 Be7
15. Qb3 Qc8 16. Bg2 c6 17. O-O O-O 18. Rfd1 Rd8 19. Rbc1 Qd7 20. Qc2 f5 21. Qe2
fxg4 22. Qxg4 Bf6 23. Be4 Qe7 24. Bb1 Rd7 25. Qe4 g6 26. Ba2 Rdd8 27. Qg4 Nc8
28. Bb3 Nd6 29. d5 exd5 30. cxd5 cxd5 31. Bxd5+ Kg7 32. Bc5 1-0

[Event "Michigan Open"]
[Site "Lansing, MI"]
[Date "2001.09.02"]
[Round "4.2"]
[White "Ballicora, Miguel"]
[Black "Ward, Tom"]
[Result "0-1"]
[WhiteElo "2172"]
[BlackElo "2210"]
[PlyCount "60"]
[EventDate "2001.08.31"]

1. d4 Nf6 2. c4 e6 3. Nf3 Bb4+ 4. Bd2 Qe7 5. g3 Nc6 6. Bg2 Bxd2+ 7. Nbxd2 d6 8.
O-O O-O 9. e4 e5 10. d5 Nb8 11. Ne1 a5 12. Nd3 Bg4 13. f3 Bd7 14. f4 Na6 15.
Qe2 Nb4 16. Rfc1 Bg4 17. Qe3 Nxd3 18. Qxd3 exf4 19. gxf4 Nh5 20. Qe3 Rae8 21.
Rf1 Bc8 22. Rae1 Nf6 23. Qd4 Bg4 24. e5 Nd7 25. f5 Nxe5 26. f6 Qd7 27. Qf4 Ng6
28. Qg5 h6 29. Re7 Rxe7 30. fxe7 hxg5 0-1

[Event "Michigan Open Reserve"]
[Site "Lansing, MI"]
[Date "2001.09.02"]
[Round "5.9"]
[White "Bailey, Dennis"]
[Black "Livschitz, Louiza"]
[Result "1-0"]
[WhiteElo "1268"]
[BlackElo "1602"]
[PlyCount "113"]
[EventDate "2001.08.31"]

1. d4 d5 2. Nf3 e6 3. Bf4 Nf6 4. h3 Be7 5. e3 O-O 6. Be2 b6 7. O-O c5 8. c3 Bb7
9. Nbd2 Nbd7 10. Re1 Rc8 11. Bh2 a6 12. a4 Ne4 13. Bd3 Ndf6 14. Re2 Bd6 15. Qf1
Qc7 16. Bxd6 Qxd6 17. Qe1 Rfd8 18. Nf1 c4 19. Bc2 b5 20. axb5 axb5 21. N3h2 Ra8
22. Rxa8 Rxa8 23. f3 Ng5 24. h4 Nxf3+ 25. Nxf3 Ra2 26. Bb1 Ra4 27. Qg3 Qxg3 28.
Nxg3 Ra1 29. Re1 Kf8 30. Bc2 Ra2 31. Rb1 Ng4 32. Nf1 h6 33. N1h2 Nf6 34. Nd2 b4
35. cxb4 c3 36. Bb3 Rxb2 37. Rxb2 cxb2 38. Ba2 Ne4 39. Nxe4 dxe4 40. Ng4 Bd5
41. Bb1 Ke7 42. Nf2 f5 43. g3 Kd6 44. Nd1 Kc6 45. Nc3 Bc4 46. Kf2 g5 47. hxg5
hxg5 48. Ke1 Bd3 49. Bxd3 exd3 50. Kd2 b1=Q 51. Nxb1 Kb5 52. Kc3 g4 53. Na3+
Ka4 54. b5 Ka5 55. Kxd3 Kb6 56. Kc4 f4 57. exf4 {[Rated at 2. Black is
outplaying White when she becomes careless and gets a piece trapped. White
displays enough technique to win.]} 1-0